[Event "ICS rated blitz match"]
[Site "204.178.125.65"]
[Date "2000.10.08"]
[Round "?"]
[White "Hossa"]
[Black "QueenMaxima"]
[Result "1/2-1/2"]
[WhiteElo "2604"]
[BlackElo "2492"]
[PlyCount "289"]
[EventDate "2000.??.??"]

1. e4 c5 2. Nf3 e6 3. d4 cxd4 4. Nxd4 Nc6 5. Nc3 Qc7 6. Be2 a6 7. O-O Nf6 8.
Kh1 Nxd4 9. Qxd4 Bc5 10. Qd3 h5 11. Qf3 Bd4 12. Bf4 d6 13. Rad1 e5 14. Bg5 Bg4
15. Qd3 Bxc3 16. bxc3 Rd8 17. Rfe1 Qa5 18. Rb1 Rd7 19. Rb2 b5 20. Bf3 Be6 21.
Ra1 Ng4 22. Kg1 f6 23. Bc1 g6 24. h3 Nh6 25. Be3 Ke7 26. Rb4 Nf7 27. a4 Rc8 28.
Rab1 Rdc7 29. Bd2 bxa4 30. Ra1 Bc4 31. Qe3 a3 32. Qe1 a2 33. Be3 Bb5 34. Rb2
Qxc3 35. Qxc3 Rxc3 36. Raxa2 Ng5 37. Bxg5 fxg5 38. Bd1 Ke6 39. Ra1 R3c4 40. f3
Rd4 41. Rab1 Rc5 42. Ra2 Rc3 43. Ra5 Rd2 44. Raa1 d5 45. exd5+ Kxd5 46. Rb4 Re3
47. Rbb1 Re1+ 48. Kh2 Rf1 49. c4+ Bxc4 50. Rb8 Rff2 51. Rd8+ Ke6 52. Rxd2 Rxd2
53. Ba4 Bd5 54. Ra3 g4 55. hxg4 hxg4 56. Kg3 gxf3 57. gxf3 Ke7 58. Re3 Kf6 59.
Ra3 e4 60. Bb3 Bxb3 61. Rxb3 exf3 62. Rxf3+ Kg5 63. Ra3 Rd6 64. Ra5+ Kf6 65.
Kg4 Rb6 66. Rc5 Re6 67. Kf4 Rd6 68. Ra5 Rb6 69. Kf3 Re6 70. Kf4 Ke7 71. Rc5 Kd6
72. Rc8 Kd7 73. Rc5 Rf6+ 74. Kg4 Ke6 75. Rc7 Kd5 76. Kg5 Rd6 77. Kg4 Ke4 78.
Re7+ Kd4 79. Ra7 Kd3 80. Kh4 Re6 81. Kg5 Ke4 82. Kg4 Ke5 83. Kg5 Rc6 84. Ra8
Kd4 85. Kg4 Kc4 86. Kf4 Re6 87. Ra7 Kd5 88. Ra8 Kd4 89. Kf3 Rd6 90. Kg3 Ke5 91.
Kg4 Kd5 92. Kg5 Ke4 93. Kg4 Rc6 94. Re8+ Kd3 95. Ra8 Ke3 96. Re8+ Kd2 97. Ra8
Rd6 98. Kf4 Re6 99. Ra7 Ke2 100. Kg5 Ke3 101. Kg4 Kd4 102. Ra8 Ke5 103. Kg5 Ke4
104. Kg4 Kd3 105. Ra7 Ke3 106. Ra8 Ke2 107. Kg5 Rd6 108. Kf4 Kd3 109. Ke5 Rb6
110. Rd8+ Ke3 111. Kd5 g5 112. Rg8 Rb5+ 113. Kc4 Re5 114. Kc3 a5 115. Rg7 Rc5+
116. Kb2 Kd4 117. Re7 Rb5+ 118. Kc2 a4 119. Ra7 Rb4 120. Rg7 a3 121. Rxg5 Rb2+
122. Kc1 Re2 123. Kb1 Kc4 124. Ka1 Kb3 125. Rg3+ Ka4 126. Rg4+ Kb5 127. Rh4 Rf2
128. Rh3 Ka4 129. Rh4+ Kb3 130. Rh3+ Kb4 131. Rh4+ Kc5 132. Rh3 a2 133. Ra3 Rg2
134. Ra5+ Kc6 135. Ra6+ Kc7 136. Ra7+ Kc8 137. Ra8+ Kc7 138. Ra7+ Kc8 139. Ra8+
Kc7 140. Ra7+ Kc8 141. Ra8+ Kc7 142. Ra7+ Kc8 143. Ra8+ Kc7 144. Ra7+ Kc8 145.
Ra8+ {Game drawn by repetition} 1/2-1/2

[Event "ICS rated blitz match"]
[Site "204.178.125.65"]
[Date "2000.10.08"]
[Round "?"]
[White "QueenMaxima"]
[Black "Hossa"]
[Result "1-0"]
[WhiteElo "2497"]
[BlackElo "2599"]
[PlyCount "111"]
[EventDate "2000.??.??"]

1. d4 Nf6 2. Bf4 g6 3. Nf3 Bg7 4. e3 O-O 5. c3 d6 6. h3 c5 7. Be2 Nd5 8. Bg5
cxd4 9. cxd4 h6 10. Bh4 Nc6 11. Nbd2 Bd7 12. O-O Rc8 13. Qb3 Nb6 14. Rac1 Be6
15. Qa3 Qd7 16. Bb5 f5 17. Bxc6 Rxc6 18. Rxc6 bxc6 19. Rc1 Bd5 20. Qd3 g5 21.
Bg3 Qc7 22. e4 fxe4 23. Nxe4 Qd7 24. b3 Qf5 25. Re1 Nd7 26. a3 g4 27. Nh4 Qe6
28. Re3 Qf7 29. hxg4 Be6 30. Qe2 Bxb3 31. Nd2 Bd1 32. Qxd1 Bxd4 33. Rf3 Bf6 34.
Nf5 Qg6 35. Qa4 Nc5 36. Qxa7 Rf7 37. Bf4 Bg5 38. Bxg5 Qxg5 39. Re3 e6 40. Qb8+
Kh7 41. Nxd6 Rd7 42. Qf8 Rd8 43. Ne8 Rxd2 44. Qf7+ Kh8 45. Nf6 Rd1+ 46. Kh2
Qf4+ 47. Rg3 Qxf6 48. Qxf6+ Kg8 49. Rf3 Rd7 50. Qg6+ Rg7 51. Qe8+ Kh7 52. Rf8
Rxg4 53. Rh8+ Kg7 54. Qf8+ Kg6 55. Rxh6+ Kg5 56. Qf6# {Hossa checkmated} 1-0

[Event "ICS rated standard match"]
[Site "204.178.125.65"]
[Date "2000.10.08"]
[Round "?"]
[White "Hossa"]
[Black "Varguz"]
[Result "0-1"]
[WhiteElo "2407"]
[BlackElo "2585"]
[PlyCount "208"]
[EventDate "2000.??.??"]

1. d4 Nf6 2. Bf4 d5 3. Nf3 e6 4. e3 c5 5. dxc5 Bxc5 6. Bd3 Nh5 7. Bg5 Qb6 8. b3
h6 9. Bh4 Nd7 10. Nfd2 Nhf6 11. a4 O-O 12. Nf3 e5 13. Bb5 e4 14. Nd4 Ne5 15.
O-O Bg4 16. a5 Qd8 17. Be2 Bxe2 18. Nxe2 Qd6 19. Nbc3 Nfg4 20. Bg3 Rfd8 21. Nf4
Nf6 22. a6 b6 23. Nh5 Ne8 24. Qe2 Bb4 25. Nb5 Qe7 26. Rfd1 Qg5 27. c3 Bc5 28.
Bxe5 Qxe5 29. Nf4 Nf6 30. Ra2 Rd7 31. Rad2 Rad8 32. b4 Bf8 33. Rd4 Be7 34. Qa2
Qf5 35. Qd2 Qg5 36. Qc2 Qf5 37. R4d2 Qg5 38. Qb3 Bf8 39. Rd4 Be7 40. Qa4 Qe5
41. R4d2 Bf8 42. Qc2 Ng4 43. g3 g5 44. Ne2 Qf6 45. Ned4 Qg6 46. Kg2 Ne5 47. Re1
h5 48. Rdd1 Nd3 49. Rf1 Bg7 50. Kh1 Rc8 51. Qd2 g4 52. Ne2 h4 53. Nf4 Nxf4 54.
gxf4 Qc6 55. Qe2 f5 56. Rc1 h3 57. Rfd1 Qc4 58. Qxc4 Rxc4 59. Kg1 Kf7 60. Rd2
Ke6 61. Rdc2 Ke7 62. Na3 Rc8 63. Nb5 Ke8 64. Nd4 Rf7 65. Rd2 Bxd4 66. Rxd4 Rd7
67. Kf1 Ke7 68. c4 dxc4 69. Rdxc4 Rd1+ 70. Rxd1 Rxc4 71. b5 Rc5 72. Rb1 Kd6 73.
Ke1 Rd5 74. Rb2 Kc5 75. Rb1 Rd3 76. Rb2 Ra3 77. Rb1 g3 78. hxg3 h2 79. Kd2 Kc4
80. Rc1+ Kb4 81. Rb1+ Rb3 82. Rh1 Rb2+ 83. Kc1 Rxf2 84. Kd1 Ra2 85. Rxh2 Rxh2
86. Ke1 Kxb5 87. Kf1 Kc4 88. Kg1 b5 89. Kxh2 Kc5 90. Kh3 b4 91. Kh4 b3 92. Kg5
b2 93. Kf6 b1=Q 94. Kxf5 Qd3 95. g4 Qxe3 96. g5 Kd5 97. g6 Qh3+ 98. Kf6 e3 99.
f5 e2 100. g7 Qh7 101. g8=Q+ Qxg8 102. Ke7 e1=Q+ 103. Kd7 Qge8+ 104. Kc7 Q1e7#
{Hossa checkmated} 0-1

[Event "ICS rated blitz match"]
[Site "204.178.125.65"]
[Date "2000.10.08"]
[Round "?"]
[White "LeTiger"]
[Black "Hossa"]
[Result "1/2-1/2"]
[WhiteElo "2810"]
[BlackElo "2578"]
[PlyCount "136"]
[EventDate "2000.??.??"]

1. d4 d5 2. c4 e6 3. Nc3 Nf6 4. Bg5 Be7 5. e3 O-O 6. Nf3 Nbd7 7. Rc1 c6 8. Bd3
dxc4 9. Bxc4 Nd5 10. Bxe7 Qxe7 11. Ne4 N5f6 12. Nxf6+ Qxf6 13. O-O e5 14. e4
exd4 15. Qxd4 Qxd4 16. Nxd4 Rd8 17. Rfd1 Ne5 18. Bb3 Ng6 19. f3 a5 20. a3 a4
21. Bc2 Bd7 22. Ne2 Ne5 23. Rb1 b5 24. Nf4 Ra7 25. Nd3 Nxd3 26. Rxd3 c5 27.
Rbd1 h6 28. Rd5 Rc7 29. Bd3 Rf8 30. Kf2 Be6 31. Rd6 Bb3 32. Rd2 Rb8 33. e5 b4
34. Bf5 g6 35. Bh3 bxa3 36. bxa3 c4 37. e6 fxe6 38. Bxe6+ Kf8 39. Rd8+ Rxd8 40.
Rxd8+ Ke7 41. Rc8 Kd6 42. Rxc7 Kxc7 43. Ke3 c3 44. Bg4 h5 45. Bh3 Kc6 46. f4
Kd6 47. Kd3 c2 48. Kd2 h4 49. Bg4 Kd5 50. Bf3+ Ke6 51. Be4 Kf6 52. Bxc2 Bxc2
53. Kxc2 Kf5 54. g3 Kg4 55. gxh4 Kxf4 56. Kc3 Kg4 57. Kb4 Kxh4 58. Kxa4 Kh3 59.
Kb3 g5 60. a4 g4 61. a5 Kxh2 62. a6 g3 63. a7 g2 64. a8=Q g1=Q 65. Qb8+ Kh3 66.
Qc8+ Kh4 67. Qd8+ Qg5 68. Qxg5+ Kxg5 {
Game drawn because neither player has mating material} 1/2-1/2

[Event "ICS rated standard match"]
[Site "204.178.125.65"]
[Date "2000.10.08"]
[Round "?"]
[White "Hossa"]
[Black "janh"]
[Result "1-0"]
[WhiteElo "2399"]
[BlackElo "2508"]
[PlyCount "207"]
[EventDate "2000.??.??"]

1. e4 Nf6 2. e5 Nd5 3. d4 d6 4. Nf3 dxe5 5. Nxe5 Nd7 6. Bc4 e6 7. O-O Be7 8.
Qg4 O-O 9. Bh6 Bf6 10. Re1 c5 11. c3 cxd4 12. cxd4 Qc7 13. Nxd7 Bxd7 14. Nd2
Rad8 15. Rac1 Qb6 16. Nb3 Bb5 17. Bxb5 Qxb5 18. Rc5 Qd3 19. Rd1 Qa6 20. Ra5 Qb6
21. Bg5 Bxg5 22. Qxg5 f6 23. Qh5 Rf7 24. Rb1 Rc7 25. Rc5 Rcd7 26. Qg4 Re7 27.
Rbc1 Nb4 28. Rc8 Nxa2 29. R1c7 Qxc7 30. Rxc7 Rxc7 31. Qxe6+ Kf8 32. h3 Nc1 33.
Nxc1 Rxc1+ 34. Kh2 Rxd4 35. Qe3 Rcc4 36. Qa3+ Rb4 37. Qxa7 Kf7 38. Qc5 g5 39.
b3 h5 40. g3 h4 41. Qc7+ Kg6 42. Qc3 hxg3+ 43. Kxg3 b5 44. f3 Rf4 45. Qc8 Rbd4
46. Qe8+ Kg7 47. Qxb5 Rb4 48. Qd7+ Kg6 49. Qe8+ Kf5 50. Qd8 Ke5 51. Qe7+ Kd5
52. Kf2 Rbd4 53. Qd8+ Kc6 54. Qc8+ Kd6 55. Ke3 Rb4 56. Qd8+ Ke5 57. Qc7+ Ke6
58. Qc6+ Ke7 59. Qc5+ Kd7 60. Kf2 Rh4 61. Kg3 Rbd4 62. Qf5+ Ke7 63. Qa5 Ke6 64.
Qa6+ Kf7 65. Qa2 Rb4 66. Qa5 Rhd4 67. Qc7+ Kf8 68. Qc5+ Kg8 69. Qc3 Rf4 70. Kg2
Kf7 71. Qc7+ Kg6 72. Qc8 Rbd4 73. Qe8+ Kf5 74. Kf2 Rh4 75. Kg3 Rhf4 76. Qc8+
Ke5 77. Qc5+ Ke6 78. Qb5 Kd6 79. Qa6+ Kd7 80. Qb7+ Ke6 81. Qc6+ Kf7 82. Qb5 Rh4
83. Qb7+ Kg6 84. Qc8 Rh7 85. Qc2+ Kh6 86. Qc5 Rhd7 87. b4 R7d5 88. Qf8+ Kg6 89.
b5 Rd8 90. Qe7 R8d6 91. Qe8+ Kf5 92. Qe3 R6d5 93. Qc3 Rd3 94. Qc8+ Kg6 95. b6
Kg7 96. b7 Rb3 97. b8=Q Rxb8 98. Qxb8 Kg6 99. Qg8+ Kf5 100. Qxd5+ Kg6 101. Qg8+
Kf5 102. Qe8 g4 103. fxg4+ Kg5 104. Qh5# {janh checkmated} 1-0

[Event "ICS rated blitz match"]
[Site "204.178.125.65"]
[Date "2000.10.08"]
[Round "?"]
[White "Hossa"]
[Black "Njall"]
[Result "1-0"]
[WhiteElo "2587"]
[BlackElo "2227"]
[PlyCount "62"]
[EventDate "2000.??.??"]

1. e4 c6 2. d4 d5 3. Nc3 dxe4 4. Nxe4 Bf5 5. Ng3 Bg6 6. h4 h6 7. Nf3 Nd7 8. h5
Bh7 9. Bd3 Bxd3 10. Qxd3 Ngf6 11. Bd2 e6 12. O-O-O Be7 13. Rde1 a5 14. Kb1 a4
15. Ne4 Nxe4 16. Qxe4 Nf6 17. Qf4 a3 18. b3 b5 19. Ne5 Rc8 20. Qg3 Rg8 21. Qd3
b4 22. Qc4 Qd5 23. Qa6 Rc7 24. Qa8+ Qd8 25. Qxd8+ Bxd8 26. Bxb4 Be7 27. Bd2 c5
28. dxc5 Bxc5 29. Nd3 Bd6 30. c4 Ke7 31. c5 Bxc5 {Njall resigns} 1-0

[Event "ICS rated blitz match"]
[Site "204.178.125.65"]
[Date "2000.10.08"]
[Round "?"]
[White "Hossa"]
[Black "Njall"]
[Result "1-0"]
[WhiteElo "2594"]
[BlackElo "2220"]
[PlyCount "43"]
[EventDate "2000.??.??"]

1. e4 c6 2. d4 d5 3. Nc3 dxe4 4. Nxe4 Bf5 5. Ng3 Bg6 6. Bc4 Nf6 7. Nf3 e6 8.
Ne5 Bd6 9. Nxg6 hxg6 10. Bg5 Qc7 11. Qf3 Nbd7 12. O-O-O O-O-O 13. Ne4 Be7 14.
h3 Nb6 15. Bf4 Qd7 16. Nc5 Qe8 17. Be2 Nfd5 18. Bg3 Bd6 19. Bxd6 Rxd6 20. Qa3
Nf4 21. Bf1 Kb8 22. Na6+ {Njall resigns} 1-0

[Event "ICS rated blitz match"]
[Site "204.178.125.65"]
[Date "2000.10.08"]
[Round "?"]
[White "Njall"]
[Black "Hossa"]
[Result "0-1"]
[WhiteElo "2217"]
[BlackElo "2597"]
[PlyCount "86"]
[EventDate "2000.??.??"]

1. d4 Nf6 2. e3 g6 3. Bd3 Bg7 4. f4 O-O 5. Nf3 d5 6. Nbd2 Bg4 7. h3 Bc8 8. c3
b6 9. Ne5 c5 10. Qe2 cxd4 11. exd4 Nh5 12. Qf3 Ba6 13. Bxa6 Nxa6 14. g4 Nf6 15.
h4 Nc7 16. h5 Rc8 17. h6 Bh8 18. g5 Nh5 19. Rxh5 gxh5 20. Qxh5 Qd6 21. Ndf3 Qe6
22. Bd2 Bxe5 23. fxe5 Qf5 24. O-O-O Na6 25. Nh4 Qe4 26. Re1 Qd3 27. a3 Nc7 28.
Re3 Qf1+ 29. Re1 Qh3 30. Re3 Qd7 31. g6 fxg6 32. Nxg6 Qe8 33. Rg3 hxg6 34.
Rxg6+ Kh8 35. Qg5 Rf1+ 36. Kc2 Qf8 37. Kb3 Qf5 38. Qg3 Ne6 39. h7 Nxd4+ 40.
cxd4 Rf3+ 41. Qxf3 Qxf3+ 42. Bc3 Qd1+ 43. Ka2 Rxc3 {Njall resigns} 0-1

[Event "ICS rated blitz match"]
[Site "204.178.125.65"]
[Date "2000.10.08"]
[Round "?"]
[White "Hossa"]
[Black "Njall"]
[Result "1-0"]
[WhiteElo "2600"]
[BlackElo "2214"]
[PlyCount "45"]
[EventDate "2000.??.??"]

1. e4 e5 2. Nf3 Nc6 3. Bc4 Nf6 4. Ng5 Bc5 5. Nxf7 Qe7 6. Nxh8 Bxf2+ 7. Kxf2
Nxe4+ 8. Kf1 d5 9. Bxd5 Nf6 10. Bf7+ Kd8 11. Bc4 Bg4 12. Nf7+ Kd7 13. Qe1 Rf8
14. d4 Rxf7 15. Bxf7 Qxf7 16. dxe5 Ne4+ 17. Kg1 Nd4 18. h3 Ne2+ 19. Kh2 Qf5 20.
hxg4 Qxg4 21. g3 N4xg3 22. Nc3 Nxh1 23. Nxe2 {Njall resigns} 1-0

[Event "ICS rated blitz match"]
[Site "204.178.125.65"]
[Date "2000.10.08"]
[Round "?"]
[White "Njall"]
[Black "Hossa"]
[Result "0-1"]
[WhiteElo "2211"]
[BlackElo "2603"]
[PlyCount "80"]
[EventDate "2000.??.??"]

1. d4 Nf6 2. e3 g6 3. Bd3 Bg7 4. f4 O-O 5. Nf3 d5 6. Nbd2 Bg4 7. h3 Bc8 8. Ne5
c5 9. c3 cxd4 10. exd4 Nh5 11. Ndf3 f6 12. Ng4 Qc7 13. Qb3 Nxf4 14. Bxf4 Qxf4
15. Qxd5+ e6 16. Qb3 f5 17. Nf2 a5 18. O-O a4 19. Qc2 a3 20. Rae1 axb2 21. Qxb2
Nc6 22. Bc4 Re8 23. Nd3 Qc7 24. Nc5 Nxd4 25. cxd4 Qxc5 26. dxc5 Bxb2 27. Re2
Ba3 28. Ng5 Bxc5+ 29. Kh1 Kg7 30. Nxe6+ Bxe6 31. Bxe6 Kf6 32. Rfe1 Rad8 33. Bb3
Rxe2 34. Rxe2 Rd3 35. Kh2 Kg5 36. g3 Bd6 37. Rg2 h5 38. h4+ Kg4 39. Bc4 Bxg3+
40. Kh1 Rd6 {Njall resigns} 0-1

[Event "ICS rated blitz match"]
[Site "204.178.125.65"]
[Date "2000.10.08"]
[Round "?"]
[White "Hossa"]
[Black "kako"]
[Result "1-0"]
[WhiteElo "2606"]
[BlackElo "2036"]
[PlyCount "25"]
[EventDate "2000.??.??"]

1. e4 e5 2. Nf3 d6 3. d4 f5 4. exf5 e4 5. Qe2 Qe7 6. Ng5 Nf6 7. Nc3 Bxf5 8.
Qb5+ Bd7 9. Qxb7 Bc6 10. Bb5 Qd7 11. Bxc6 Qxc6 12. Qc8+ Ke7 13. Qe6+ {
kako resigns} 1-0

[Event "ICS rated blitz match"]
[Site "204.178.125.65"]
[Date "2000.10.08"]
[Round "?"]
[White "Hossa"]
[Black "fog"]
[Result "1/2-1/2"]
[WhiteElo "2608"]
[BlackElo "2371"]
[PlyCount "137"]
[EventDate "2000.??.??"]

1. e4 c6 2. d4 d5 3. Nc3 dxe4 4. Nxe4 Bf5 5. Ng3 Bg6 6. h4 h6 7. Nf3 Nd7 8. h5
Bh7 9. Bd3 Ngf6 10. Bxh7 Nxh7 11. O-O e6 12. c4 Be7 13. Bf4 O-O 14. Qb3 b6 15.
Rfd1 Ng5 16. Qd3 Nxf3+ 17. Qxf3 Rc8 18. Ne4 Nf6 19. Nxf6+ Bxf6 20. Qg4 Bg5 21.
Bxg5 Qxg5 22. Qxg5 hxg5 23. a4 Rfd8 24. Ra3 Rd7 25. Rad3 Rcd8 26. Kh2 f5 27.
Kg3 Kf7 28. b4 Kf6 29. Kf3 g4+ 30. Ke3 Rh8 31. c5 Rxh5 32. cxb6 axb6 33. Rc3 c5
34. bxc5 bxc5 35. Rd2 cxd4+ 36. Rxd4 Rxd4 37. Kxd4 f4 38. Rc8 Rd5+ 39. Ke4 g5
40. g3 f3 41. Ke3 Re5+ 42. Kd3 Re1 43. Rf8+ Ke5 44. Rg8 Kf5 45. a5 Ra1 46. Ra8
Ra2 47. a6 Ke5 48. a7 Ra4 49. Kc3 Ke4 50. Kb3 Ra1 51. Kc4 e5 52. Kc5 Kd3 53.
Rd8+ Ke2 54. a8=R Rxa8 55. Rxa8 Kxf2 56. Kc4 Kxg3 57. Kd3 f2 58. Ke2 Kg2 59.
Ra1 g3 60. Rb1 e4 61. Ra1 g4 62. Rf1 e3 63. Ra1 Kh2 64. Kxe3 f1=Q 65. Rxf1 g2
66. Rb1 g1=Q+ 67. Rxg1 Kxg1 68. Kf4 g3 69. Kxg3 {
Game drawn because neither player has mating material} 1/2-1/2

[Event "ICS rated standard match"]
[Site "204.178.125.65"]
[Date "2000.10.08"]
[Round "?"]
[White "foreest"]
[Black "Hossa"]
[Result "0-1"]
[WhiteElo "2179"]
[BlackElo "2420"]
[PlyCount "34"]
[EventDate "2000.??.??"]

1. c4 e5 2. Nc3 Nf6 3. g3 d5 4. cxd5 Nxd5 5. Bg2 Nb6 6. Nf3 Nc6 7. O-O Be7 8.
a3 O-O 9. b4 f6 10. d3 Be6 11. Be3 Qd7 12. Re1 Nd5 13. Nxd5 Bxd5 14. Rc1 a5 15.
Bc5 axb4 16. axb4 Nxb4 17. Nxe5 fxe5 {foreest resigns} 0-1

[Event "ICS rated standard match"]
[Site "204.178.125.65"]
[Date "2000.10.08"]
[Round "?"]
[White "Hossa"]
[Black "foreest"]
[Result "1-0"]
[WhiteElo "2426"]
[BlackElo "2173"]
[PlyCount "87"]
[EventDate "2000.??.??"]

1. e4 c5 2. Nc3 Nc6 3. d3 g6 4. g3 Bg7 5. Bg2 e6 6. Nf3 Nge7 7. O-O O-O 8. Be3
Nd4 9. Qd2 Qa5 10. Nxd4 cxd4 11. Nd5 Nc6 12. Qxa5 Nxa5 13. Ne7+ Kh8 14. Bf4 e5
15. Bd2 Nc6 16. Nxc8 Raxc8 17. f4 d6 18. Bh3 Rc7 19. Rf2 b6 20. Raf1 f6 21. Be6
Rd8 22. Kg2 Ne7 23. Be1 a5 24. Re2 Nc6 25. f5 Ne7 26. g4 g5 27. Rf3 d5 28. Rh3
dxe4 29. dxe4 Nc6 30. Rb3 Rb8 31. Bd5 Bf8 32. Bxc6 Rxc6 33. Bxa5 Ra8 34. Bxb6
Rxa2 35. Rb5 Bd6 36. Bd8 Bc7 37. Be7 Kg7 38. Rb7 Kg8 39. Bxf6 Rxf6 40. Rxc7
Rxb2 41. Rf2 Ra6 42. f6 Kf8 43. Rxh7 d3 44. f7 {foreest resigns} 1-0

[Event "ICS Rated blitz match"]
[Site "204.178.125.65"]
[Date "2000.10.08"]
[Round "?"]
[White "Hossa"]
[Black "lambChop"]
[Result "0-1"]
[WhiteElo "2582"]
[BlackElo "2537"]
[PlyCount "178"]
[EventDate "2000.??.??"]

1. e4 e5 2. Nf3 Nf6 3. Nxe5 d6 4. Nf3 Nxe4 5. d4 d5 6. Bd3 Bd6 7. O-O O-O 8. c4
Re8 9. cxd5 Bf5 10. Ng5 h6 11. Bxe4 Bxe4 12. Nxe4 Rxe4 13. Nc3 Re8 14. Nb5 Nd7
15. Nxd6 cxd6 16. Be3 Qb6 17. Bxh6 Nf6 18. Bg5 Ne4 19. Bc1 Nf6 20. Qd3 Nxd5 21.
Rd1 Rac8 22. a3 Rc7 23. Bd2 Qxb2 24. Rab1 Qc2 25. Qb5 Qc6 26. Qxc6 bxc6 27. Re1
Rxe1+ 28. Rxe1 Rb7 29. Rc1 Rb6 30. Kf1 Kf8 31. Bg5 Ke8 32. Rc2 Kd7 33. Bc1 Rb3
34. h3 Rd3 35. Bb2 f5 36. h4 Nf4 37. f3 Rd1+ 38. Kf2 Rh1 39. Kg3 Nh5+ 40. Kf2
Rxh4 41. Ke3 Nf4 42. Bc1 Nd5+ 43. Kd3 Rh1 44. Bd2 Rg1 45. Be3 Rd1+ 46. Ke2 Rb1
47. Bd2 Rb3 48. a4 f4 49. Rc1 Ne3 50. g4 g5 51. a5 a6 52. Be1 d5 53. Bc3 Nc4
54. Kd3 Na3 55. Kd2 Nb5 56. Rc2 Kd8 57. Bb2 Kc7 58. Bc3 Ra3 59. Rc1 Ra2+ 60.
Rc2 Nxc3 61. Kxc3 Ra3+ 62. Kb2 Rxf3 63. Rh2 Rd3 64. Rh7+ Kd6 65. Rh6+ Ke7 66.
Rxc6 Rxd4 67. Kc3 Re4 68. Rg6 f3 69. Rxg5 Rf4 70. Re5+ Kd6 71. Re1 d4+ 72. Kb3
Rxg4 73. Rf1 Rf4 74. Kc4 Ke5 75. Re1+ Kf5 76. Rf1 f2 77. Kd3 Kg4 78. Ke2 Kg3
79. Kd3 Kg2 80. Ra1 f1=Q+ 81. Rxf1 Kxf1 82. Kc4 Ke2 83. Kd5 d3 84. Kc6 d2 85.
Kb6 d1=Q 86. Kc6 Qd2 87. Kc7 Qd5 88. Kb6 Rf7 89. Kxa6 Qb7# {Hossa checkmated}
0-1

[Event "ICS rated blitz match"]
[Site "204.178.125.65"]
[Date "2000.10.08"]
[Round "?"]
[White "Varguz"]
[Black "Hossa"]
[Result "1-0"]
[WhiteElo "2684"]
[BlackElo "2564"]
[PlyCount "61"]
[EventDate "2000.??.??"]

1. e4 e6 2. d4 d6 3. Nf3 d5 4. exd5 exd5 5. Bd3 Bd6 6. O-O Ne7 7. c4 dxc4 8.
Bxc4 O-O 9. Nc3 Bf5 10. Ng5 Nbc6 11. Nb5 Na5 12. Bd3 Re8 13. Qh5 Qd7 14. Nxd6
cxd6 15. Qxf7+ Kh8 16. d5 a6 17. b4 Bxd3 18. Bb2 Rg8 19. Rfe1 Rae8 20. Ne6 Qxe6
21. Rxe6 Nc4 22. Bxg7+ Rxg7 23. Qxe8+ Ng8 24. Rae1 Rg4 25. Qf8 b5 26. Re8 Rg7
27. R1e7 Rg6 28. Qf7 Rxg2+ 29. Kxg2 Bf1+ 30. Kg3 Bg2 31. Qg7# {Hossa checkmated
} 1-0

[Event "ICS rated blitz match"]
[Site "204.178.125.65"]
[Date "2000.10.08"]
[Round "?"]
[White "Hossa"]
[Black "Colorado"]
[Result "0-1"]
[WhiteElo "2553"]
[BlackElo "2588"]
[PlyCount "136"]
[EventDate "2000.??.??"]

1. e4 d5 2. exd5 Qxd5 3. Nc3 Qa5 4. Nf3 Bg4 5. b4 Qh5 6. Be2 e6 7. Bb2 Nf6 8.
Nb5 Na6 9. a3 Bxf3 10. gxf3 Qg5 11. Bf1 c6 12. Nc3 Nc7 13. Ne4 Qh4 14. Nxf6+
gxf6 15. Qe2 O-O-O 16. Qe4 Qg5 17. Qe3 Rg8 18. h4 Qh5 19. Qxa7 Qxf3 20. Rh3
Qe4+ 21. Qe3 Qxc2 22. Qc3 Qe4+ 23. Qe3 f5 24. Qxe4 fxe4 25. d3 exd3 26. Bxd3 f5
27. O-O-O Rg2 28. Bf6 Bh6+ 29. Kb1 Nd5 30. Bxd8 Nc3+ 31. Kc2 Nxd1 32. Kxd1 Kxd8
33. Ke2 Rg4 34. h5 Ke7 35. Bc2 Rd4 36. Kf3 Rd2 37. Bb3 Bg7 38. Kg2 Bd4 39. Rf3
Rb2 40. Bd1 c5 41. bxc5 Bxc5 42. h6 Kf6 43. Kf1 Kg5 44. Bb3 e5 45. Bg8 e4 46.
Rg3+ Kxh6 47. Rg2 Bxa3 48. Rh2+ Kg5 49. Bxh7 e3 50. f4+ Kxf4 51. Rxb2 Bxb2 52.
Ke2 Bc1 53. Bg6 b5 54. Kd1 Kf3 55. Ke1 Bd2+ 56. Kd1 f4 57. Kc2 Kf2 58. Kd3 f3
59. Bf5 Ba5 60. Kd4 e2 61. Bd7 e1=Q 62. Bh3 Kg3 63. Bd7 Qb4+ 64. Ke5 f2 65. Kd5
f1=Q 66. Bg4 Qfc4+ 67. Ke5 Qe7+ 68. Kf5 Qxg4# {Hossa checkmated} 0-1

[Event "ICS rated blitz match"]
[Site "204.178.125.65"]
[Date "2000.10.09"]
[Round "?"]
[White "Varguz"]
[Black "Hossa"]
[Result "1-0"]
[WhiteElo "2666"]
[BlackElo "2539"]
[PlyCount "71"]
[EventDate "2000.??.??"]

1. c4 e5 2. Nc3 Nf6 3. Nf3 Nc6 4. g3 Bb4 5. Bg2 Ng4 6. a3 Bc5 7. e3 a5 8. d4
exd4 9. exd4 Qe7+ 10. Kf1 Ba7 11. Nd5 Qd8 12. Bg5 f6 13. Bf4 d6 14. h3 Nh6 15.
Bxh6 gxh6 16. Qe2+ Kf7 17. Re1 Rf8 18. Qd2 h5 19. b4 axb4 20. axb4 Be6 21. Qh6
Bf5 22. Nf4 Qd7 23. Nh4 Kg8 24. Bd5+ Rf7 25. Nxf5 Qxf5 26. b5 Bxd4 27. Be6 Ra2
28. Rh2 Rxf2+ 29. Rxf2 Bxf2 30. bxc6 Bxe1 31. Bxf5 b5 32. Be6 Bc3 33. Qxh5 Kg7
34. Qxf7+ Kh6 35. Qf8+ Kg5 36. h4# {Hossa checkmated} 1-0

[Event "ICS rated blitz match"]
[Site "204.178.125.65"]
[Date "2000.10.09"]
[Round "?"]
[White "Hossa"]
[Black "Varguz"]
[Result "0-1"]
[WhiteElo "2529"]
[BlackElo "2676"]
[PlyCount "86"]
[EventDate "2000.??.??"]

1. d4 Nf6 2. c4 c5 3. d5 e6 4. Nc3 exd5 5. cxd5 d6 6. e4 g6 7. f4 Bg7 8. Bb5+
Nfd7 9. a4 O-O 10. Nf3 Na6 11. O-O Nc7 12. Bd3 a6 13. Re1 Re8 14. Be3 Nf6 15.
Bf2 Bg4 16. Bh4 Qd7 17. h3 Bh5 18. Kh1 b5 19. a5 Rab8 20. Bc2 b4 21. Ba4 Nb5
22. Nxb5 axb5 23. Bc2 b3 24. Bd3 c4 25. e5 dxe5 26. fxe5 Bxf3 27. Qxf3 Nh5 28.
Bb1 Bxe5 29. Re2 Bf6 30. Rxe8+ Rxe8 31. Bxf6 Re1+ 32. Kh2 Qa7 33. h4 Qg1+ 34.
Kh3 Qh1+ 35. Kg4 Nxf6+ 36. Kg3 Nh5+ 37. Kg4 Rxb1 38. Qg3 f5+ 39. Kf3 Qd1+ 40.
Ke3 Qd3+ 41. Kf2 Qxg3+ 42. Ke2 Nf4+ 43. Kd2 Qd3# {Hossa checkmated} 0-1

[Event "ICS rated blitz match"]
[Site "204.178.125.65"]
[Date "2000.10.09"]
[Round "?"]
[White "gfam"]
[Black "Hossa"]
[Result "0-1"]
[WhiteElo "2183"]
[BlackElo "2519"]
[PlyCount "96"]
[EventDate "2000.??.??"]

1. b3 e5 2. Bb2 Nc6 3. e3 Nf6 4. c4 d5 5. cxd5 Nxd5 6. d3 Bb4+ 7. Nd2 O-O 8.
Ngf3 Bg4 9. a3 Bxf3 10. gxf3 Bc3 11. Bxc3 Nxc3 12. Qc2 Nd5 13. Ne4 Qh4 14. Ng3
Qf6 15. Be2 e4 16. Rc1 exf3 17. Ne4 Qf5 18. Ng3 Qe6 19. Bxf3 Nd4 20. Qd1 Nxe3
21. fxe3 Qxe3+ 22. Be2 Rac8 23. Rf1 Rfe8 24. Rf2 Nxb3 25. Rc4 Nd4 26. Qd2 Nf3+
27. Rxf3 Qxf3 28. Rf4 Qg2 29. Rf2 Qg1+ 30. Nf1 Qg4 31. Ng3 Qd4 32. Kf1 Qa1+ 33.
Kg2 Qxa3 34. Qf4 Qe7 35. Nf5 Qe5 36. Qg4 Qf6 37. Kh1 Rb8 38. Bf3 Re1+ 39. Kg2
c6 40. Be4 Rf8 41. h4 a5 42. Rf3 a4 43. Qg3 Re2+ 44. Kh3 a3 45. Rf4 a2 46. Nxg7
Qxg7 47. Rg4 a1=Q 48. Rxg7+ Qxg7 {gfam resigns} 0-1

[Event "ICS rated blitz match"]
[Site "204.178.125.65"]
[Date "2000.10.09"]
[Round "?"]
[White "QueenMaxima"]
[Black "Hossa"]
[Result "1/2-1/2"]
[WhiteElo "2568"]
[BlackElo "2523"]
[PlyCount "200"]
[EventDate "2000.??.??"]

1. d4 Nf6 2. Bf4 d5 3. Nf3 e6 4. e3 c5 5. c3 Nc6 6. Nbd2 cxd4 7. exd4 Bd6 8.
Bxd6 Qxd6 9. Bd3 a5 10. O-O a4 11. Re1 a3 12. b4 Qc7 13. Nb1 b6 14. Qc1 Qa7 15.
b5 Ne7 16. Nbd2 Bb7 17. Rb1 Ng6 18. Rb3 Nf4 19. Bc2 Qa4 20. Rb4 Qa7 21. Ra4 Qb8
22. Qxa3 Rxa4 23. Bxa4 Nd3 24. Re3 Nxf2 25. Kxf2 Ng4+ 26. Ke2 Nxe3 27. Kxe3 g5
28. Nf1 Qf4+ 29. Ke2 f6 30. g3 Qc7 31. h4 gxh4 32. gxh4 Rg8 33. Bc2 Rg2+ 34.
Kd1 e5 35. dxe5 fxe5 36. N3d2 Rg4 37. h5 Rg5 38. h6 Rh5 39. Ne3 Rxh6 40. Bf5
Rh1+ 41. Kc2 e4 42. Qa4 Ra1 43. Qd4 Qf7 44. Kb2 Rh1 45. Qxb6 Rh2 46. Qd4 Re2
47. Qh8+ Ke7 48. Qe5+ Kf8 49. Nef1 e3 50. Qh8+ Qg8 51. Qf6+ Qf7 52. Qd6+ Qe7
53. Qf4 Rf2 54. Qh6+ Ke8 55. Nxe3 Rxd2+ 56. Nc2 Qe2 57. a4 d4 58. cxd4 Bf3 59.
Qxh7 Qd1 60. Qd7+ Kf8 61. Bg6 Rxc2+ 62. Bxc2 Qe2 63. a5 Qf2 64. Qd6+ Kf7 65.
Qe5 Be2 66. Qc7+ Ke6 67. Qc6+ Kf7 68. Bg6+ Kg7 69. Kc3 Qg3+ 70. Kd2 Bf3 71. Be4
Qf2+ 72. Kc3 Qe1+ 73. Kc4 Bxe4 74. Qc7+ Kg6 75. Qf4 Qe2+ 76. Kc5 Qc2+ 77. Kd6
Qd3 78. Qe5 Qa3+ 79. Ke6 Qh3+ 80. Ke7 Qh7+ 81. Kd6 Qb7 82. d5 Qb8+ 83. Ke6 Qe8+
84. Kd6 Qb8+ 85. Ke6 Qe8+ 86. Kd6 Qb8+ 87. Ke6 Qe8+ 88. Kd6 Qb8+ 89. Ke6 Qe8+
90. Kd6 Qb8+ 91. Ke6 Qe8+ 92. Kd6 Qb8+ 93. Ke6 Qe8+ 94. Kd6 Qb8+ 95. Ke6 Qe8+
96. Kd6 Qb8+ 97. Ke6 Qe8+ 98. Kd6 Qb8+ 99. Ke6 Qe8+ 100. Kd6 Qb8+ {
Game drawn by repetition} 1/2-1/2